| 000 | 00378 a2200157 4500 | ||
|---|---|---|---|
| 001 | 60434 | ||
| 020 | _a8531207592 | ||
| 040 | _cAnchieta - Pituba | ||
| 100 | _aBarreto, Luiz Antônio | ||
| 240 | 1 | 0 |
_aHistória da literatura brasileira _lpor |
| 245 | 1 | 0 | _aHistória da literatura brasileira |
| 300 | _a660 | ||
| 362 | 0 | _a2001 | |
| 650 | 4 | _aLiteratura brasileira | |
| 942 | _cBK | ||
| 999 |
_c60434 _d60434 |
||